Assassins et assassinés - Statistiques

Statistiques générales
  • Ce quiz a été pris 164 fois
    148 depuis la dernière actualisation
  • Le résultat moyen est 6 sur 35
Statistiques - réponses
Année Assassin Assassiné (nom et prénom ou surnom) % Correct
-44 Brutus Jules César
89%
1610 François Ravaillac Henri IV
76%
1963 Lee Harvey Oswald John Kennedy
58%
1865 John William Booth Abraham Lincoln
42%
1793 Charlotte Corday Jean Paul Marat
39%
1914 Raoul Villain Jean Jaurès
33%
1980 Mark David Chapman John Lennon
33%
1589 Jacques Clément Henri III
30%
1894 Sante Geronimo Caserio Marie François Sadi-Carnot
27%
1940 Ramon Mercader Léon Trotski
18%
1998 Yvan Colonna Claude Erignac
17%
1932 Paul Gorguloff Paul Doumer
14%
1965 Thomas Hagan Malcolm X
10%
1968 SirhanSirhan Robert Kennedy
10%
192 Narcisse Commode
8%
1870 Pierre Napoléon Bonaparte Victor Noir
8%
1901 Léon Czolgosz William Mc Kinley
7%
1914 Gavrilo Princip François Ferdinand de Habsbourg
6%
1628 John Felton George Villiers
6%
1881 Guessia Guelfman Alexandre II
5%
1358 Jean Maillart Etienne Marcel
5%
1881 Charles Guiteau James Garfield
5%
1995 Yigal Amir Yitzhak Rabin
5%
55 Locuste Britannicus
4%
1967 Mario Teran Ernesto Guevara
3%
1914 Henriette Caillaux Gaston Calmette
3%
1975 Giuseppe Pelosi Pier Paolo Pasolini
3%
1993 Christian Didier René Bousquet
3%
1936 Bruno Hauptmann Charles Lindbergh
2%
1942 Fernand Bonnier de La Chapelle François Darlan
2%
1979 Thomas Mc Mahon Louis Mountbatten
2%
1986 Nathalie Ménigon René Audran
2%
1986 Joëlle Aubron René Audran
2%
1913 Alexandros Schinas Georges 1er de Grèce
1%
1934 Vlado Tchernozemski Alexandre 1er de Yougoslavie
0%
Aucun quiz correspondant
Distribution des résultats
% des personnes avec chaque résultat
Percentile par nombre de réponses
Votre historique - résultats
Vous n’avez pas pris ce quiz depuis la dernière actualisation